000
a
999
_c
91033
_d
91032
005
20190706152950.0
008
190706b ||||| |||| 00| 0 eng d
080
_a
89M-94
_b
IND
100
_a
Indu B.Nair
245
_a
Smrithi Kadhakal (സ്മൃതി കഥകൾ)
260
_b
Olive
_a
Kozhikode
_c
2017
300
_a
129 p.
653
_a
Memoirs- Malayalam
942
_c
BK